| 000 | 00889nac a22002411u 4500 | ||
|---|---|---|---|
| 010 | _a 97035050 | ||
| 020 | _a0023287225 | ||
| 082 | 0 | 0 |
_a330.9 _bSOU |
| 090 |
_c7680 _d7680 |
||
| 100 | _aDe Souza, Anthony R. | ||
| 245 | 1 | 4 |
_aThe world economy : _bresources, location, trade, and development / _c Anthony R. de Souza and Frederick P. Stutz |
| 250 | _a2nd ed. | ||
| 260 |
_aUpper Saddle River, N.J. : _bPrentice Hall,1994 _cc1994 |
||
| 300 |
_axii, 708 p. : _bill. (some col.), maps (some col.) ; _c29 cm. |
||
| 500 | _aColored map of the world on front end papers. | ||
| 500 | _adistributer: Al-Ahram | ||
| 504 | _aIncludes bibliographical references p. 688-689 and index. | ||
| 511 | _acatalogue by: wessam | ||
| 650 | 0 | _aEconomic geography. | |
| 650 | 0 |
_aEconomic history _y1945- |
|
| 700 | 1 | _aStutz Frederick P. | |
| 942 |
_cBB _k330.9SOU |
||
| 999 |
_c7680 _d7680 |
||